LEADER 01483nam a2200325 i 4500 001 000000138053 003 CaOOAMICUS 005 20050427000000.0 008 050427s1999 it u000 u mul u 013 $a111948 020 $a88-06-14555-X 040 $aSeMil$bita 100 1 $aDe Coinci, Gautier.$0(OLS)http://semarc/name/55948 245 10$aMiracoli della Vergine :$btesti volgari medievali /$cGautier De Coinci ; Gonzalo De Berceo ; Alfonso X El Sabio ; a cura di Carlo Beretta ; introduzione di Cesare Segre. 260 $aTorino :$bGiulio Einaudi,$ccopyr. 1999. 300 $aXXIV, 1295 p. ;$c22 cm. 490 0 $aI millenni 500 $aTesto a fronte in francese. - In custodia. - Fondo Card. C.M. Martini. 700 1 $aDe Berceo, Gonzalo.$0(OLS)http://semarc/name/55949 700 1 $aSegre, Cesare,$d<1928-2014>.$0(OLS)http://semarc/name/3893 700 1 $aBeretta, Carlo,$d<1959- >.$0(OLS)http://semarc/name/34659 700 1 $aEl Sabio, Alfonso X.$0(OLS)http://semarc/name/55950 830 2$aI millenni.$0(OLS)http://semarc/title/7877 850 $aSeMil 852 $aSeMil$W1$xVenegono$y1$m1D II 34$j91564$B91564$CSeMilBibl$Z2$F96496 $81 941 1 $a4 961 $aOmaggio: Martini Card. Carlo Maria 996 $6020$a88-06-14555-X$9(OLS)http://semarc/number/125916 996 $6245$aMiracoli della Vergine :$btesti volgari medievali$9(OLS)http://semarc/title/201789 996 $6260$aTorino :$bGiulio Einaudi$9(OLS)http://semarc/publisher/29810 LEADER 00872nam a2200229 i 4500 001 000000163256 003 CaOOAMICUS 005 20240408143154.0 008 070723s1943 it u000 u ita u 013 $a140620 040 $aSeMil$bita 100 1 $aBruers, Antonio.$0(OLS)http://semarc/name/35830 245 10$aSaggi sulla letteratura italiana e straniera /$cAntonio Bruers. 260 $aBologna :$bNicola Zanichelli,$c1943. 300 $a204 p. ;$c22 cm. 650 4$aLetteratura - Saggi.$0(OLS)http://semarc/subject/200 850 $aSeMil 852 $aSeMil$W1$xVenegono$y1$m1O III 306$j246052$B114554$CSeMilBibl$Z2$F125371 $81 961 $aRecupero: Altro 996 $6245$aSaggi sulla letteratura italiana e straniera$9(OLS)http://semarc/title/232892 996 $6260$aBologna :$bNicola Zanichelli$9(OLS)http://semarc/publisher/30307